| 000 | 02491cam a22005294i 4500 | ||
|---|---|---|---|
| 003 | PE-LiUPU | ||
| 005 | 20250731183442.0 | ||
| 008 | 141012s2013 a r 000 0 spa d | ||
| 020 | _a9788425218088 | ||
| 035 | _a(Sirsi) i9788425218088 | ||
| 035 | _a(Sirsi) 50838 | ||
| 035 | _a(Sirsi) 50838 | ||
| 040 |
_aPE-LiUPU _bspa _cPE-LiUPU _dPE-LiUPU _erda |
||
| 041 |
_aspa _heng |
||
| 082 | 0 | 4 |
_a721.042 _bB16 |
| 100 | 1 |
_aBaker, Geoffrey Harold _d1912- |
|
| 245 | 1 | 3 |
_aLe corbusie : _banalisis de la forma / _cGeoffrey H. Baker ; versión castellana de Santiago Castá. |
| 250 | _a7a edición ampliada. | ||
| 264 | 1 |
_aBarcelona : _bGustavo Gili, _c2013. |
|
| 300 |
_axv, 383 páginas : _bilustraciones planos ; _c24 cm |
||
| 336 |
_atext _2rdacontent |
||
| 337 |
_aunmediated _2rdamedia |
||
| 338 |
_avolume _2rdacarrier |
||
| 505 | 0 | _aAspectos de la forma -- Charles-Edouard Jeanneret: años de formación -- Años de transición, 1912-1917 -- La década heroica, 1920-1930 primer período de madurez -- Fase de la Posguerra -- Sistemas de articulación en la obra de Le Corbusier | |
| 526 | _aP158 | ||
| 526 | _aP146 | ||
| 526 | _aP17 | ||
| 526 | _aP12 | ||
| 526 | _aP06 | ||
| 534 |
_ptítulo original: _tLe Corbusier. an analysis of form |
||
| 600 |
_aLe Corbusier _d1887-1965 _xObra arquitectónica |
||
| 650 | 1 | 4 |
_aUrbanismo _93430 |
| 650 | 1 | 4 | _aForma (Arquitectura) |
| 650 | 1 | 4 |
_aDiseño arquitectónico _94380 |
| 700 | 1 |
_aCastán, Santiago _etraductor |
|
| 910 |
_agl _b _clch _d20130705 |
||
| 910 | _apeb | ||
| 942 |
_2ddc _cBOOK |
||
| 949 |
_a721.042 B16 _i67599 _lCCODEBUL1 _mBUL _tLIBRO _o.STAFF. Colección General |
||
| 949 |
_a721.042 B16 _i70558 _lCCODEBUL1 _mBUL _tLIBRO _o.STAFF. Colección General |
||
| 596 | _a1 | ||
| 999 |
_a721.042 B16 _wDEWEY _c55229 _i67599 _d55229 _e2017-4-20 _f2021-11-9 _g7 _lCCODEBUL1 _mBUL _n11 _p52.00 _r0 _sY _tBOOK _u2015-7-6 _xINGENIERIA _PP06 _0COMPRA _o.STAFF. Colección Ingenieria y Arquitectura |
||
| 999 |
_a721.042 B16 _wDEWEY _c2 _i70558 _d2018-6-19 _e2018-6-14 _f2021-11-9 _g7 _lCCODEBUL1 _mBUL _n10 _p52.00 _r0 _sY _tBOOK _u2015-7-23 _xINGENIERIA _PP06 _0COMPRA _o.STAFF. Colección General |
||
| 999 |
_a721.042 B16 _wDEWEY _c3 _i72882 _d2022-5-23 _e2019-8-9 _f2021-11-9 _g7 _lCCODEBUL1 _mBUL _n7 _p50.73 _q1 _r0 _sY _tBOOK _u2016-5-3 _xINGENIERIA _PP06 _0COMPRA _o.STAFF. Colección General |
||
| 980 |
_81 _gALBERTO SANCHEZ Responsable de Automatización |
||